000 00714nam a2200205Ii 4500
003 JO-AjNU
008 230605s9999||||xx |||||||||||||| ||und||
017 _a1995/4/315
040 _aJO-AjNU
_bara
_erda
_cJO-AjNU
041 _aara
050 1 4 _aQC522.M3736 1995
100 3 _aعبدالله ،معروف خليل /ضياء محمود عرفة ، جميل خليفة ,
_eauthor
_915900
245 0 0 _aاساسيات الكهرباء والمغناطيسية
264 3 1 _aعمان :دار المناهج ،1995
300 _a370ص
336 _atext
_btxt
_2rdacontent
337 _aunmediated
_bn
_2rdamedia
338 _avolume
_bnc
_2rdacarrier
650 4 _aالكهرياء والمغناطيسية
_915901
999 _aA4596
_c8164
_d8164